| 000 | 00919nam a2200241 i 4500 | ||
|---|---|---|---|
| 001 | 153884 | ||
| 003 | ES-MaACL | ||
| 005 | 20250901033715.0 | ||
| 008 | 190204s1965 sp |||| | spa d | ||
| 100 | 0 |
_aFriedländer, Saul. _952629 |
|
| 245 | 1 | 0 |
_aPío XII y el III Reich / _cSaul Friedländer ; [traducción de Ernest Jordá] ; prólogo de José Mª González Ruiz. |
| 260 |
_aBarcelona : _bNova Terra, _c1965. |
||
| 300 |
_a272 p. ; _c21 cm. |
||
| 490 | 1 |
_aColección "El Mundo y los Hombres" ; _v9 |
|
| 600 | 0 | 4 |
_aPío _bXII, _cPapa. _992302 |
| 610 | 2 | 4 |
_aIglesia Católica- _xRelaciones- _zAlemania. _9166110 |
| 651 | 4 |
_aAlemania- _xRelaciones- _xIglesia Católica. _9166111 |
|
| 700 | 1 |
_aJordà, Ernest, _d1925-1994 _9166112 |
|
| 700 | 1 |
_aGonzález Ruiz, José María. _958943 |
|
| 830 | 0 | 0 |
_aColección el mundo y los hombres _v9 _9187821 |
| 852 |
_aES-MaACL _jP-437-bis-7 |
||
| 999 |
_c153884 _d153884 |
||